<?xml version="1.0" encoding="UTF-8"?>
<record
    xmlns:xsi="http://www.w3.org/2001/XMLSchema-instance"
    xsi:schemaLocation="http://www.loc.gov/MARC21/slim http://www.loc.gov/standards/marcxml/schema/MARC21slim.xsd"
    xmlns="http://www.loc.gov/MARC21/slim">

  <leader>00941nam a22002177a 4500</leader>
  <controlfield tag="008">100408s2004le||||gr|||| 001 0 ara d</controlfield>
  <datafield tag="020" ind1=" " ind2=" ">
    <subfield code="a">9953450404</subfield>
  </datafield>
  <datafield tag="082" ind1=" " ind2=" ">
    <subfield code="2">22</subfield>
    <subfield code="a">297.242</subfield>
    <subfield code="b">&#x628; &#x644; &#x642; </subfield>
  </datafield>
  <datafield tag="100" ind1=" " ind2=" ">
    <subfield code="9">13388</subfield>
    <subfield code="a">&#x628;&#x644;&#x642;&#x632;&#x64A;&#x632;&#x60C;&#x639;&#x628;&#x62F; &#x627;&#x644;&#x625;&#x644;&#x647; </subfield>
  </datafield>
  <datafield tag="245" ind1=" " ind2=" ">
    <subfield code="a">&#x627;&#x644;&#x62F;&#x648;&#x644;&#x629; &#x641;&#x649; &#x627;&#x644;&#x641;&#x643;&#x631; &#x627;&#x644;&#x625;&#x633;&#x644;&#x627;&#x645;&#x649; &#x627;&#x644;&#x645;&#x639;&#x627;&#x635;&#x631; </subfield>
    <subfield code="c">&#x639;&#x628;&#x62F; &#x627;&#x644;&#x625;&#x644;&#x647; &#x628;&#x644;&#x642;&#x632;&#x64A;&#x632; </subfield>
  </datafield>
  <datafield tag="250" ind1=" " ind2=" ">
    <subfield code="a">&#x637;2</subfield>
  </datafield>
  <datafield tag="260" ind1=" " ind2=" ">
    <subfield code="a">:&#x628;&#x64A;&#x631;&#x648;&#x62A;</subfield>
    <subfield code="b">&#x645;&#x631;&#x643;&#x632; &#x62F;&#x631;&#x627;&#x633;&#x627;&#x62A; &#x627;&#x644;&#x648;&#x62D;&#x62F;&#x629; &#x627;&#x644;&#x639;&#x631;&#x628;&#x64A;&#x629; &#x60C;2004.</subfield>
    <subfield code="c">2004.</subfield>
  </datafield>
  <datafield tag="300" ind1=" " ind2=" ">
    <subfield code="a">307&#x61B;&#x635;</subfield>
    <subfield code="c">24&#x633;&#x645;.</subfield>
  </datafield>
  <datafield tag="504" ind1=" " ind2=" ">
    <subfield code="a">&#x64A;&#x62D;&#x62A;&#x648;&#x649; &#x639;&#x644;&#x649; &#x628;&#x628;&#x644;&#x64A;&#x648;&#x62C;&#x631;&#x627;&#x641;&#x64A;&#x647; &#x635; 278-300 &#x648; &#x643;&#x634;&#x627;&#x641; </subfield>
  </datafield>
  <datafield tag="650" ind1=" " ind2=" ">
    <subfield code="9">13389</subfield>
    <subfield code="a">&#x627;&#x644;&#x62F;&#x64A;&#x645;&#x642;&#x631;&#x627;&#x637;&#x64A;&#x629; </subfield>
  </datafield>
  <datafield tag="650" ind1=" " ind2=" ">
    <subfield code="9">13370</subfield>
    <subfield code="a">&#x627;&#x644;&#x625;&#x633;&#x644;&#x627;&#x645; &#x648;&#x627;&#x644;&#x633;&#x64A;&#x627;&#x633;&#x629;</subfield>
  </datafield>
  <datafield tag="650" ind1=" " ind2=" ">
    <subfield code="9">13359</subfield>
    <subfield code="a">&#x627;&#x644;&#x634;&#x648;&#x631;&#x649;</subfield>
  </datafield>
  <datafield tag="650" ind1=" " ind2=" ">
    <subfield code="9">13391</subfield>
    <subfield code="a">&#x627;&#x644;&#x62E;&#x644;&#x627;&#x641;&#x629;</subfield>
  </datafield>
  <datafield tag="942" ind1=" " ind2=" ">
    <subfield code="2">ddc</subfield>
    <subfield code="c">BB</subfield>
  </datafield>
  <datafield tag="999" ind1=" " ind2=" ">
    <subfield code="c">13861</subfield>
    <subfield code="d">13861</subfield>
  </datafield>
  <datafield tag="952" ind1=" " ind2=" ">
    <subfield code="0">0</subfield>
    <subfield code="1">0</subfield>
    <subfield code="2">ddc</subfield>
    <subfield code="4">0</subfield>
    <subfield code="7">0</subfield>
    <subfield code="8">UASC</subfield>
    <subfield code="a">MAIN</subfield>
    <subfield code="b">MAIN</subfield>
    <subfield code="c">LOW</subfield>
    <subfield code="d">2010-04-08</subfield>
    <subfield code="o">297.242 &#x628;&#x644;&#x642;</subfield>
    <subfield code="p">000020462</subfield>
    <subfield code="r">2025-07-15 00:00:00</subfield>
    <subfield code="s">2014-11-12</subfield>
    <subfield code="y">BB</subfield>
  </datafield>
</record>
